Filmographie de Robert Zemeckis - Statistiques

Statistiques générales
  • Ce quiz a été pris 60 fois
  • Le résultat moyen est 8 sur 21
Statistiques - réponses
Indice Film % Correct
1985 Retour vers le futur
92%
1994 Forrest Gump
88%
1989 Retour vers le futur 2
88%
1990 Retour vers le futur 3
88%
1988 Qui veut la peau de Roger Rabbit
63%
2004 Le Pôle express
55%
2000 Seul au monde
49%
2022 Pinocchio
37%
1997 Contact
35%
2007 La Légende de Beowulf
31%
2018 Bienvenue à Marwen
29%
1992 La mort vous va si bien
29%
1984 À la poursuite du diamant vert
27%
2009 Le Drôle de Noël de Scrooge
27%
2015 The Walk : Rêver plus haut
27%
2020 Sacrées Sorcières
24%
2016 Alliés
18%
2012 Flight
18%
2000 Apparences
10%
1978 Crazy Day
4%
1980 La Grosse Magouille
4%
Aucun quiz correspondant
Distribution des résultats
% des personnes avec chaque résultat
Percentile par nombre de réponses
Votre historique - résultats
Vous n’avez pas pris ce quiz